000
00337nam a2200145Ia 4500
008
220923s9999 xx 000 0 und d
020
_a
9788180388354
082
_b
CHA
100
_a
CHAWLA, ALKA
245
0
_a
LAW OF COPYRIGHT COMPARATIVE PERSPECTIVES
260
_c
2013
300
_a
316
650
_a
Copyright Law
942
_c
BK
999
_c
195722
_d
195722